Эрдэмтэн зохиолч Э.Оюун: Бүтээлийн цоморлиг II (Бичлэгийн дугаар. 1156067)
[ энгийн харах ]
| 000 -Удирдлага | |
|---|---|
| Ном зүйн бүртгэл тоо буюу кодлох утгыг агуулсан | 01549nam a22002657a 4500 |
| 003 - ХЯНАЛТЫН ТОО ТОДОРХОЙЛОГЧ | |
| Код | MN-UlNLM |
| 005 - ХАМГИЙН СҮҮЛИЙН ҮЕИЙН ХЭЛЦЛИЙН ОГНОО БА ЦАГ | |
| Тухайн бичилтийг бичсэн засварласан сүүлийн огноо. | 20260302112849.0 |
| 008 - ЕРӨНХИЙ МЭДЭЭЛЭЛ-ЭЛЕМЕНТҮҮДИЙН ӨГӨГДЛИЙН УРТ | |
| fixed length control field | 260302s2021 mp ||||| |||| 00| 0 mon d |
| 020 ## - ОЛОН УЛСЫН СТАНДАРТ НОМЫН ДУГААР-ISBN | |
| Олон Улсын Стандарт Номын Дугаар | 9789919244415 |
| 040 ## - ЭХ СУРВАЛЖИЙГ ТОДОРХОЙЛОН БИЧИХ | |
| Анхны каталогийн байгууллага | Өмнөговь аймгийн Нийтийн номын сан |
| Бичлэг хийж нэвтрүүлэх байгууллага | MN-UlNLM |
| Өөрчлүүлэх байгууллага | MN-UlNLM |
| Бичиглэлийн тодорхойлолт | rda |
| 043 ## - GEOGRAPHIC AREA CODE | |
| Geographic area code | a-mp--- |
| 084 ## - БУСАД АНГИЛЛЫН ДУГААР | |
| Ангиллын нэр | Номын сан номзүйн ангилал |
| Анги | 84(5Мон)я-44 |
| Зохиогчийн 3-н тэмдэгт | Э739 |
| Шинжлэх ухааны мэдлэгийн салбар | Уран зохиол - 84 |
| 245 0# - ҮНДСЭН ГАРЧИГ | |
| Гарчиг | Эрдэмтэн зохиолч Э.Оюун: Бүтээлийн цоморлиг II |
| Оролцогчдын тухай мэдээ | Эмхэтгэсэн: Ж.Ууганбаяр |
| -- | Редактор: Г.Билгүүдэй |
| -- | Зөвлөх: На.Болд |
| -- | Орчуулсан: С.Цэрэндорж |
| -- | Орчуулгын редактор: Ц.Нямсүрэн |
| -- | Хэвлэлд бэлтгэсэн: Ц.Хулан |
| 264 ## - ГАРАЛТЫН МЭДЭЭ | |
| Хэвлэгдсэн газар | Улаанбаатар хот |
| Бүтээгч, хэвлэгч, түгээгч, үйлдвэрлэгчийн нэр | Жиком пресс ХХК |
| Хэвлэгдсэн он | 2021 |
| 300 ## - ТООНЫ МЭДЭЭ | |
| Хуудасны тоо | 374 хуудастай |
| Хэмжээ | 25 см |
| 336 ## - АГУУЛГЫН ТӨРӨЛ | |
| Нөөц | rdaconnect |
| Агуулгын төрлийн нөхцөл | text |
| Агуулгын төрлийн код | txt |
| 337 ## - MEDIA TYPE | |
| Эх сурвалж | rdamedia |
| Файлын төрөл | unmediated |
| Файлын код | n |
| 338 ## - CARRIER TYPE | |
| Source | rdacarrier |
| Carrier type term | volume |
| Carrier type code | nc |
| 440 ## - БОТИЙН ТУХАЙ МЭДЭЭ | |
| Ботийн нэр | Бүтээлийн цоморлиг |
| Цувралын дугаар | 2 |
| 500 ## - НОМЫН ТОВЧ АГУУЛГА | |
| Дэлгэрэнүй тайлбар | Монгол Улсад орчин цагийн соёл урлаг үүссэний 100 жил, Мэргэжлийн урлагийн байгууллага байгуулагдсаны 90 жил, Эрдэмтэн, зохиолч Э.Оюуны мэндэлсний 105 жилийн ойд зориулсан бүтээл. |
| 505 ## - FORMATTED CONTENTS NOTE | |
| Formatted contents note | Номзүйтэй (хуудас 361-369) |
| 546 ## - ХЭЛНИЙ ТУХАЙ МЭДЭЭ | |
| Хэлний код эсвэл цагаан толгой | Монгол цагаан толгой |
| 880 ## - ALTERNATE GRAPHIC REPRESENTATION | |
| Linkage | 245-01(N |
| 942 ## - ЭЛЕМЕНТИЙН ТӨРӨЛ | |
| Анги | Номын сан номзүйн ангилал |
| Төрөл | Ном |
| Буцаан татагдсан төлөв | Хасагдсан шалтгаан | Гэмтсэн төлөв | Данс заагч | Захиалах боломжгүй | Үндсэн номын сан | Одоогийн байршил | Салбар танхим | Салбар танхим | Бүртгэсэн огноо | Бүрдүүлэлтийн эх үүсвэр | Тавиурын заалт | Баркод | Үнэ | Хамгийн сүүлд байсан огноо | Нийт уншлаганд гарсан тоо | Дансны дугаар | Ангиллын нэр | Төрөл |
|---|---|---|---|---|---|---|---|---|---|---|---|---|---|---|---|---|---|---|
| Өмнөговь аймаг | Өмнөговь аймаг | Өмнөговь | Фонд | Өмнөговь | Фонд | 2026-03-02 | Бэлэг, хандив | 84(5Мон)я-44 Э739 | UM01495678 | 25000.00 | 2026-03-02 | 95678 | Номын сан номзүйн ангилал | Ном |